[Event "CRO-chT"]
[Site "Pula"]
[Date "2001.09.17"]
[Round "8"]
[White "Fedorov, Alexei"]
[Black "Almasi, Zoltan"]
[Result "1/2-1/2"]
[WhiteElo "2599"]
[BlackElo "2630"]
[PlyCount "72"]
[EventDate "2001.09.10"]
[Source "ChessBase"]
[SourceDate "2001.10.26"]

1. e4 e5 2. f4 exf4 3. Nf3 h6 4. d4 g5 5. Nc3 Bg7 6. g3 fxg3 7. hxg3 d6 8. Bc4 Bg4 9. Rf1 Nf6 10. e5 dxe5 11. Bxf7+ Kf8 12. Bb3 exd4 13. Qxd4 Qxd4 14. Nxd4 Nbd7 15. Be3 Re8 16. Kd2 c6 17. Rae1 Re5 18. Nf3 Bxf3 19. Rxf3 Ke7 20. Bxa7 b6 21. Na4 Rd8 22. Rd3 Ne4+ 23. Kc1 b5 24. Bd4 bxa4 25. Bxe5 Nxe5 26. Rxd8 Kxd8 27. Rxe4 axb3 28. cxb3 h5 29. Kd1 Kd7 30. a4 Bf6 31. Ke2 Kc7 32. b4 Nd7 33. b3 Nb6 34. Re6 Nd5 35. b5 cxb5 36. axb5 h4 1/2-1/2

[Event "EU-chT (Men)"]
[Site "Pula"]
[Date "1997.??.??"]
[Round "9"]
[White "Fedorov, Alexei"]
[Black "Svidler, Peter"]
[Result "1/2-1/2"]
[WhiteElo "2580"]
[BlackElo "2640"]
[PlyCount "53"]
[EventDate "1997.05.05"]
[Source "ChessBase"]

1. e4 e5 2. f4 exf4 3. Nf3 h6 4. b3 d5 5. exd5 Nf6 6. Bb2 Be7 7. Nc3 O-O 8. Qe2 Nbd7 9. O-O-O Re8 10. Qf2 Ng4 11. Qd4 Bf6 12. Qg1 Be7 13. g3 Bc5 14. Qg2 Nf2 15. gxf4 Nxd1 16. Nxd1 Nf6 17. Bc4 Bf5 18. Nf2 Nh5 19. Rg1 g6 20. Ne5 Nxf4 21. Qf3 Qh4 22. d4 Bxd4 23. Bxd4 Ne2+ 24. Bxe2 Qxd4 25. Qxf5 Rxe5 26. Rxg6+ fxg6 27. Qxg6+ 1/2-1/2

[Event "SWE-chT 0102"]
[Site "?"]
[Date "2002.03.02"]
[Round "8"]
[White "Berg Emanuel"]
[Black "Hellers Ferdinand"]
[Result "0-1"]
[WhiteElo "2551"]
[BlackElo "2655"]
[PlyCount "58"]
[EventDate "2002.??.??"]
[Source "www.chesslib.no"]
[SourceDate "2004.05.04"]

1. e4 e5 2. f4 exf4 3. Nf3 h6 4. Bc4 d6 5. d4 g5 6. g3 g4 7. Nh4 f3 8. Be3 Be7 9. Nxf3 gxf3 10. Qxf3 Be6 11. d5 Bc8 12. O-O Rh7 13. e5 Nd7 14. e6 Ne5 15. Bb5+ Kf8 16. Qe4 Rg7 17. Nc3 Bg5 18. Bd4 Nf6 19. Qg2 fxe6 20. Rae1 Kg8 21. Kh1 c6 22. Bxe5 dxe5 23. dxc6 bxc6 24. Bxc6 Rb8 25. b3 Rc7 26. h4 Rxc6 27. hxg5 Rxc3 28. Qf2 Bb7+ 29. Kg1 Qd5 0-1

[Event "Lewkowitz mem-A corr9498"]
[Site "?"]
[Date "1994.??.??"]
[Round "?"]
[White "Callaghan jr., Richard S"]
[Black "Idema, Abram A"]
[Result "0-1"]
[WhiteElo "2450"]
[BlackElo "2580"]
[PlyCount "56"]
[EventDate "1994.??.??"]
[Source "www.chesslib.no"]
[SourceDate "2004.05.04"]

1. e4 e5 2. f4 exf4 3. Nf3 h6 4. d4 g5 5. Nc3 Bg7 6. g3 fxg3 7. hxg3 d6 8. Be3 Nf6 9. Bg2 Nc6 10. Nh2 Bd7 11. Qe2 O-O 12. Nd1 Re8 13. Nf2 Nd5 14. O-O-O Nxe3 15. Qxe3 Qf6 16. c3 Ne7 17. Rdf1 Qg6 18. Qd3 Rad8 19. Re1 c5 20. d5 b5 21. Nf1 c4 22. Qd1 b4 23. cxb4 c3 24. Ne3 cxb2+ 25. Kb1 Rb8 26. a3 Rec8 27. Nd3 Rc3 28. Ka2 a5 0-1

[Event "XX Franca Garcia Mem"]
[Site "Osasco"]
[Date "2004.07.07"]
[Round "8"]
[White "Rodriguez, Andres"]
[Black "Schneider, Dmitry"]
[Result "0-1"]
[WhiteElo "2567"]
[BlackElo "2454"]
[PlyCount "48"]
[EventDate "2004.07.01"]
[Source "Roberto Alvarez"]
[SourceDate "2004.07.12"]

1. e4 e5 2. f4 exf4 3. Nf3 h6 4. Bc4 d6 5. d4 g5 6. c3 Nc6 7. h4 Bg7 8. Qb3 Qe7 9. O-O g4 10. Nh2 f3 11. Nxg4 Bxg4 12. Qxb7 Nxd4 13. Qxa8+ Kd7 14. Rf2 Nf6 15. Qxa7 Nxe4 16. cxd4 Nxf2 17. Bb5+ Kd8 18. Nc3 Qe1+ 19. Bf1 Nd3 20. Qa8+ Bc8 21. Qe4 Qf2+ 22. Kh2 Bxd4 23. Be3 Bxe3 24. Nd1 Qg1+ 0-1

[Event "Russia (ch-m/1)"]
[Site "?"]
[Date "1999.??.??"]
[Round "?"]
[White "Grischuk, A."]
[Black "Lunev, A."]
[Result "1-0"]
[WhiteElo "2545"]
[BlackElo "2465"]
[PlyCount "67"]
[EventDate "1999.??.??"]
[Source "Chess Informant"]
[SourceDate "1999.10.01"]

1. e4 e5 2. f4 exf4 3. Nf3 h6 4. d4 g5 5. g3 fxg3 6. hxg3 Bg7 7. Nc3 d6 8. Bc4 Nf6 9. Qd3 Nc6 10. Be3 Na5 11. O-O-O Nxc4 12. Qxc4 c6 13. d5 cxd5 14. Nxd5 Nxd5 15. Qxd5 O-O 16. Bd4 Be6 17. Qxb7 Qa5 18. Bxg7 Kxg7 19. a3 Rfb8 20. Qe7 Rxb2 21. Rxh6 Rxc2+ 22. Kxc2 Rc8+ 23. Kd3 Rc3+ 24. Ke2 Bc4+ 25. Kf2 Rc2+ 26. Kg1 Qc5+ 27. Kh1 Kxh6 28. Rxd6+ Be6 29. Qf6+ Kh5 30. g4+ Kxg4 31. Ne5+ Kh4 32. Qh6+ Kg3 33. Qxg5+ Kf2 34. Nd3+ 1-0

[Event "Moscow"]
[Site "Moscow"]
[Date "1986.??.??"]
[Round "?"]
[White "Hebden, Mark"]
[Black "Romanishin, Oleg M"]
[Result "0-1"]
[WhiteElo "2445"]
[BlackElo "2560"]
[PlyCount "112"]
[EventDate "1986.03.??"]
[Source "ChessBase"]

1. e4 e5 2. f4 exf4 3. Nf3 h6 4. b3 d6 5. Bb2 Nf6 6. Qe2 Be7 7. Nc3 O-O 8. O-O-O c6 9. g3 fxg3 10. Rg1 Re8 11. Rxg3 Bf8 12. d3 Nbd7 13. Qd2 Ne5 14. Be2 g6 15. d4 Nxf3 16. Bxf3 Bg7 17. Qg2 Nh7 18. Kb1 Ng5 19. Bg4 Qe7 20. Bxc8 Raxc8 21. Rg4 b5 22. h4 Nh7 23. Rf4 Nf6 24. e5 dxe5 25. dxe5 Qxe5 26. Rfd4 Qe6 27. Rd6 Qg4 28. Qf2 b4 29. R6d4 Qh5 30. Na4 Ne4 31. Qg1 Qf5 32. Rxb4 Bxb2 33. Kxb2 c5 34. Rc4 Qe5+ 35. Nc3 Nd6 36. Rg4 Qf6 37. Qf1 Nf5 38. Kb1 Qe5 39. Nd5 Kg7 40. Qf4 Rcd8 41. c4 a5 42. Qxe5+ Rxe5 43. Rf4 Ne7 44. Rdf1 f5 45. Nc3 Rd2 46. Kc1 Rg2 47. R4f2 Rg4 48. Rd1 Rxh4 49. Rd7 h5 50. Nd5 Rhe4 51. Nf4 Rd4 52. Ra7 h4 53. Kc2 Rxf4 54. Rxf4 g5 55. Rf1 g4 56. Kd2 h3 0-1

[Event "Linares Anibal op 9th"]
[Site "Linares"]
[Date "2002.03.02"]
[Round "2"]
[White "Fedorov, Alexei"]
[Black "Pilgaard, Kim"]
[Result "1-0"]
[WhiteElo "2589"]
[BlackElo "2400"]
[PlyCount "61"]
[EventDate "2002.03.01"]
[Source "ChessBase"]
[SourceDate "2002.05.03"]

1. e4 e5 2. f4 exf4 3. Nf3 h6 4. d4 g5 5. Nc3 Bg7 6. g3 fxg3 7. hxg3 d6 8. Bc4 Bg4 9. Qd3 Qd7 10. Rf1 Bh5 11. Be3 a6 12. O-O-O Nc6 13. Rd2 Nge7 14. Rh2 Bg6 15. d5 Ne5 16. Nxe5 Bxe5 17. Bd4 Kf8 18. Rhf2 b5 19. Bb3 Bxd4 20. Qxd4 Rh7 21. e5 dxe5 22. Qxe5 Qd6 23. Qd4 c5 24. Ne4 Bxe4 25. Qxe4 f5 26. c4 Rf7 27. Qd3 b4 28. Re2 Kg7 29. Re6 Qb8 30. Bc2 a5 31. d6 1-0

[Event "Corr"]
[Site "?"]
[Date "2001.11.01"]
[Round "?"]
[White "Schmelz Thomas"]
[Black "Satici Aydin"]
[Result "1-0"]
[WhiteElo "2465"]
[BlackElo "2472"]
[PlyCount "43"]
[EventDate "2001.??.??"]
[Source "www.chesslib.no"]
[SourceDate "2004.05.04"]

1. e4 e5 2. f4 exf4 3. Nf3 h6 4. d4 g5 5. Nc3 Bg7 6. g3 fxg3 7. hxg3 d6 8. Bc4 Nf6 9. Qd3 Nc6 10. Be3 Bg4 11. Rf1 O-O 12. a3 Bh3 13. Rf2 Ng4 14. Rd2 Na5 15. Ba2 Nxe3 16. Qxe3 Qc8 17. O-O-O c5 18. Nd5 Re8 19. Rf2 Be6 20. Nxg5 cxd4 21. Qf4 hxg5 22. Qxg5 1-0

[Event "London Peace"]
[Site "London ENG"]
[Date "1987.??.??"]
[Round "?"]
[White "Hebden, Mark L"]
[Black "Pein, Malcolm"]
[Result "1-0"]
[WhiteElo "2515"]
[BlackElo "2385"]
[PlyCount "41"]
[EventDate "1987.09.??"]
[Source "www.chesslib.no"]
[SourceDate "2004.05.04"]

1. e4 e5 2. f4 exf4 3. Nf3 h6 4. b3 Nf6 5. Qe2 d5 6. exd5+ Be7 7. Bb2 O-O 8. Nc3 Re8 9. O-O-O Nxd5 10. Qe5 Nxc3 11. dxc3 Bd6 12. Qh5 Nd7 13. Bc4 Qf6 14. Rhe1 Re3 15. Rxe3 fxe3 16. Rf1 g6 17. Qa5 Qf5 18. Qa4 c6 19. Nd4 e2 20. Nxf5 Nb6 21. Bxe2 1-0

[Event "Ribe 6 Nations tt"]
[Site "Ribe DEN"]
[Date "1973.08.09"]
[Round "5.2"]
[White "Ornstein, Axel O"]
[Black "Zwaig, Arne"]
[Result "1/2-1/2"]
[WhiteElo "2420"]
[BlackElo "2420"]
[PlyCount "46"]
[EventDate "1973.??.??"]
[Source "www.chesslib.no"]
[SourceDate "2004.05.04"]

1. e4 e5 2. f4 exf4 3. Nf3 h6 4. Bc4 d6 5. d4 g5 6. h4 Bg7 7. hxg5 hxg5 8. Rxh8 Bxh8 9. Kf2 Nf6 10. Nc3 d5 11. Qh1 Bg7 12. Nxd5 Nxe4+ 13. Kg1 Bf5 14. c3 Nc6 15. Nxg5 Qxg5 16. Bxf4 Qg4 17. Rf1 O-O-O 18. Ne3 Qg6 19. Nxf5 Qxf5 20. Bxc7 Qd7 21. Bxd8 Bxd4+ 22. cxd4 Qxd4+ 23. Kh2 Qe5+ 1/2-1/2

[Event "Zinnowitz 8th"]
[Site "Zinnowitz GER"]
[Date "1971.09.21"]
[Round "6"]
[White "Filipowicz, Andrzej"]
[Black "Liebert, Heinz"]
[Result "1-0"]
[WhiteElo "2410"]
[BlackElo "2420"]
[PlyCount "35"]
[EventDate "1971.09.15"]
[Source "www.chesslib.no"]
[SourceDate "2004.05.04"]

1. e4 e5 2. f4 exf4 3. Nf3 h6 4. Bc4 d6 5. O-O g5 6. Nc3 Bg7 7. d4 Be6 8. Bxe6 fxe6 9. e5 Ne7 10. exd6 Qxd6 11. Ne4 Qd5 12. Re1 Nbc6 13. c3 O-O-O 14. Qe2 Nf5 15. Nf2 Rhe8 16. Qc2 Nd6 17. Qg6 Qf5 18. Qxg7 1-0

[Event "Polanica Zdroj op"]
[Site "Polanica Zdroj"]
[Date "1999.08.25"]
[Round "10"]
[White "Jakubiec, Artur"]
[Black "Jakubowski, Maciej"]
[Result "1-0"]
[WhiteElo "2453"]
[BlackElo "2335"]
[PlyCount "81"]
[EventDate "1999.08.17"]
[Source "www.chesslib.no"]
[SourceDate "2004.05.04"]

1. e4 e5 2. f4 exf4 3. Nf3 h6 4. Bc4 d6 5. h4 Nc6 6. d4 Bg4 7. Bxf4 Qf6 8. Be3 O-O-O 9. Nc3 Nge7 10. Qe2 Bxf3 11. Qxf3 Qxf3 12. gxf3 d5 13. Nxd5 Nxd5 14. Bxd5 Nxd4 15. Bxd4 c6 16. c4 cxd5 17. cxd5 b6 18. h5 f6 19. Ke2 Bd6 20. Rac1+ Kb7 21. Rhg1 Rd7 22. Kd3 Re8 23. a4 Be5 24. Rg4 Bd6 25. Ra1 Bc7 26. Rg2 Ree7 27. b4 Bd6 28. a5 Be5 29. a6+ Kc8 30. Rc1+ Kd8 31. Rgc2 Ke8 32. Rc8+ Kf7 33. Bxe5 fxe5 34. R1c6 Re8 35. Rxe8 Kxe8 36. Re6+ Re7 37. Rxe7+ Kxe7 38. Ke3 Kf6 39. f4 exf4+ 40. Kxf4 g5+ 41. hxg6 1-0

[Event "Goodricke 13th op"]
[Site "Calcutta"]
[Date "2002.03.25"]
[Round "9"]
[White "Hossain, Enamul"]
[Black "Swathi, Ghate"]
[Result "1-0"]
[WhiteElo "2426"]
[BlackElo "2362"]
[PlyCount "42"]
[EventDate "2002.03.17"]
[Source "ChessBase"]
[SourceDate "2002.03.21"]

1. e4 e5 2. f4 exf4 3. Nf3 h6 4. b3 Be7 5. Bc4 Bf6 6. e5 Bh4+ 7. Kf1 d5 8. exd6 Bf6 9. Qe2+ Kf8 10. Ne5 Bxe5 11. Qxe5 c6 12. Bb2 Nf6 13. Qxf4 Nbd7 14. Nc3 b5 15. Be2 Bb7 16. Bf3 a6 17. Re1 Nc5 18. Re7 Rb8 19. Ne4 Ne6 20. Rxe6 fxe6 21. Nxf6 g5 1-0

[Event "Polanica Zdroj op"]
[Site "Polanica Zdroj"]
[Date "1999.08.22"]
[Round "6"]
[White "Salmensuu, Olli"]
[Black "Jakubowski, Maciej"]
[Result "0-1"]
[WhiteElo "2443"]
[BlackElo "2335"]
[PlyCount "122"]
[EventDate "1999.08.17"]
[Source "www.chesslib.no"]
[SourceDate "2004.05.04"]

1. e4 e5 2. f4 exf4 3. Nf3 h6 4. Bc4 d6 5. O-O Nc6 6. d4 g5 7. Nc3 Bg7 8. Nd5 Bg4 9. c3 Qd7 10. Bd2 Nf6 11. Nxf6+ Bxf6 12. a4 O-O 13. a5 Ne7 14. a6 b6 15. Qb3 Bg7 16. h4 Bxf3 17. Rxf3 Ng6 18. hxg5 hxg5 19. Rh3 Qg4 20. Qc2 c5 21. e5 Nh4 22. Be1 dxe5 23. Bxh4 gxh4 24. Qf2 cxd4 25. Rxh4 Qg5 26. cxd4 f3 27. Bd3 Bf6 28. Rh3 Qxg2+ 29. Qxg2+ fxg2 30. Ra3 Rfd8 31. Be4 Rac8 32. Raf3 Bg7 33. d5 Rc4 34. Bh7+ Kf8 35. Bg6 Rf4 36. Rxf4 exf4 37. Be4 Bxb2 38. Kxg2 Ke7 39. Rh7 Rg8+ 40. Kf3 Be5 41. Ke2 b5 42. Rh5 Bd6 43. Rh1 Rc8 44. Rb1 Rc3 45. Kd2 b4 46. Bd3 Ra3 47. Bc4 f3 48. Bb5 f2 49. Ke2 Bc5 50. Rh1 Re3+ 51. Kxf2 Rh3+ 52. Kg2 Rxh1 53. Kxh1 b3 54. Bc4 b2 55. Ba2 Kd6 56. Kg2 Ke5 57. Kf3 f5 58. Bb1 f4 59. Ba2 Bd6 60. Ke2 Kd4 61. Kf2 Kc3 0-1

[Event "BL2-Nord 9900"]
[Site "Germany"]
[Date "2000.01.09"]
[Round "4.2"]
[White "Bangiev, Alexander"]
[Black "Murdzia, Piotr"]
[Result "1-0"]
[WhiteElo "2400"]
[BlackElo "2375"]
[PlyCount "63"]
[EventDate "1999.10.??"]
[Source "ChessBase"]
[SourceDate "2000.03.10"]

1. e4 e5 2. f4 exf4 3. Nf3 h6 4. d4 g5 5. Nc3 Bg7 6. g3 fxg3 7. h4 g4 8. Ng1 d5 9. exd5 Ne7 10. Bg2 Nf5 11. Nge2 Nxh4 12. Rxh4 Qxh4 13. Bf4 Na6 14. Qd2 Bd7 15. O-O-O O-O-O 16. Nxg3 Rde8 17. Bf1 h5 18. Bxa6 bxa6 19. Nce4 Rxe4 20. Nxe4 g3 21. Nxg3 Qxf4 22. Qxf4 Bh6 23. Nxh5 Bg4 24. Rg1 Bxh5 25. Rg5 Kb7 26. Qf6 Bxg5+ 27. Qxg5 Bg6 28. Qe7 Kc8 29. c4 Rh2 30. c5 Bf5 31. Qe8+ Kb7 32. c6+ 1-0

[Event "Volmac"]
[Site "Volmac"]
[Date "1991.??.??"]
[Round "?"]
[White "Bosboom, Manuel"]
[Black "Van Gisbergen, Stan"]
[Result "0-1"]
[WhiteElo "2480"]
[BlackElo "2295"]
[PlyCount "80"]
[EventDate "1991.??.??"]
[Source "www.chesslib.no"]
[SourceDate "2004.05.04"]

1. e4 e5 2. f4 exf4 3. Nf3 h6 4. Bc4 d6 5. O-O g5 6. c3 Nc6 7. d4 Bg7 8. b4 Nf6 9. b5 Ne7 10. Qb3 d5 11. exd5 Nfxd5 12. Ba3 Be6 13. Nbd2 Nf5 14. Rae1 Nfe3 15. Bxd5 Bxd5 16. c4 Bxf3 17. Nxf3 Qd7 18. d5 O-O-O 19. Qa4 Kb8 20. Bc5 b6 21. Bd4 f5 22. Be5 Nxf1 23. Nd4 a5 24. Nc6+ Kb7 25. c5 Qxd5 26. cxb6 cxb6 27. Kxf1 Bxe5 28. Rxe5 Qd1+ 29. Qxd1 Rxd1+ 30. Ke2 Rd7 31. Rxf5 Re8+ 32. Kf2 Re4 33. Kf3 Re3+ 34. Kg4 Re2 35. g3 Rxh2 36. gxf4 Rh4+ 37. Kg3 Rxf4 38. Re5 Ra4 39. Re8 Rxa2 40. Ne5 Rc7 0-1

[Event "NED Ch sf"]
[Site "Enschede NED"]
[Date "1993.??.??"]
[Round "8"]
[White "Boersma, Paulus A"]
[Black "Van Gisbergen, Stan"]
[Result "0-1"]
[WhiteElo "2365"]
[BlackElo "2385"]
[PlyCount "102"]
[EventDate "1993.??.??"]
[Source "www.chesslib.no"]
[SourceDate "2004.05.04"]

1. e4 e5 2. f4 exf4 3. Nf3 h6 4. b3 d6 5. Bb2 Nf6 6. Nc3 Be7 7. d3 Nc6 8. Qd2 Ne5 9. Qxf4 Nxf3+ 10. Qxf3 O-O 11. g3 c6 12. Bg2 Be6 13. O-O d5 14. exd5 Nxd5 15. Nxd5 Bxd5 16. Qg4 Bc5+ 17. Kh1 f6 18. Rae1 Rf7 19. Rf5 Bxg2+ 20. Kxg2 Qd7 21. Re4 Be7 22. Qg6 Re8 23. Bc1 Bf8 24. Rxe8 Qxe8 25. Bxh6 Re7 26. Qxe8 Rxe8 27. Bd2 Kf7 28. Kf1 Bd6 29. Rf2 Bc5 30. Re2 Rd8 31. Be3 Bb4 32. Kg2 a5 33. a4 b5 34. Kf3 Re8 35. Bf2 Rb8 36. c4 bxa4 37. bxa4 Rd8 38. Ke4 Re8+ 39. Kf3 Rd8 40. d4 Bc3 41. Ke4 g6 42. g4 Rb8 43. Ra2 Rb3 44. d5 Be5 45. dxc6 Ke6 46. Be3 f5+ 47. gxf5+ gxf5+ 48. Kf3 f4 49. Re2 Rxe3+ 50. Rxe3 fxe3 51. h4 Bf4 0-1

[Event "Budapest FS08 GM"]
[Site "Budapest"]
[Date "2002.08.12"]
[Round "10"]
[White "Radziewicz, Iweta"]
[Black "Borisek, Jure"]
[Result "1/2-1/2"]
[WhiteElo "2407"]
[BlackElo "2341"]
[PlyCount "118"]
[EventDate "2002.08.03"]
[Source "ChessBase"]
[SourceDate "2002.09.11"]

1. e4 e5 2. f4 exf4 3. Nf3 h6 4. b3 Nf6 5. Nc3 Nc6 6. e5 Nh5 7. Bc4 g5 8. O-O g4 9. Nd5 Bg7 10. d4 O-O 11. c3 Ne7 12. Nh4 Nxd5 13. Qxg4 Qg5 14. Qxg5 hxg5 15. Bxd5 d6 16. Nf3 c6 17. Bc4 g4 18. Ng5 Bh6 19. h4 gxh3 20. Nxh3 Bxh3 21. gxh3 dxe5 22. dxe5 Rfe8 23. Re1 Bg7 24. e6 fxe6 25. Bxe6+ Kh8 26. Bd2 Rad8 27. Bg4 Rg8 28. Rad1 Rxd2 29. Rxd2 Bxc3 30. Red1 Bxd2 31. Rxd2 Nf6 32. Kg2 Nd5 33. Kf2 Rf8 34. Bf3 Nb6 35. Be4 Kg7 36. Kf3 Rh8 37. Kg4 Kf6 38. Rf2 Ke5 39. Rxf4 Rg8+ 40. Kf3 Rh8 41. h4 Nd5 42. Bxd5 cxd5 43. Ke3 Rh7 44. Rg4 Kf5 45. Rg3 Kf6 46. Rg4 Ke5 47. Ra4 a6 48. Rg4 Kf5 49. Kf3 Ke5 50. Rg5+ Kd4 51. h5 b5 52. Kf4 b4 53. Kf5 Kc3 54. Rg3+ Kc2 55. Rg2+ Kc3 56. Rg3+ Kc2 57. Rg2+ Kc3 58. Rg3+ Kc2 59. Rg2+ Kc3 1/2-1/2

[Event "Gausdal Classics IM-B"]
[Site "Gausdal"]
[Date "2002.04.18"]
[Round "9"]
[White "Westerinen, Heikki MJ"]
[Black "Hjelm, Niclas"]
[Result "1/2-1/2"]
[WhiteElo "2412"]
[BlackElo "2327"]
[PlyCount "128"]
[EventDate "2002.04.11"]
[Source "ChessBase"]
[SourceDate "2002.05.03"]

1. e4 e5 2. f4 exf4 3. Nf3 h6 4. d4 g5 5. Nc3 Bg7 6. g3 fxg3 7. h4 g4 8. Ng1 d5 9. Bf4 Ne7 10. Qd2 dxe4 11. O-O-O Ng6 12. Bxg3 h5 13. Kb1 Bf5 14. Bg2 O-O 15. Nxe4 Na6 16. Ne2 Qe7 17. N2c3 Rad8 18. Qf2 Qd7 19. Nc5 Nxc5 20. dxc5 Qc8 21. Nd5 c6 22. Rhf1 cxd5 23. Qxf5 Qxc5 24. Rd3 Qb5 25. b3 Ne7 26. Qxh5 f5 27. Qg5 Rf7 28. Be5 Rc8 29. Bxg7 Rxg7 30. Qd2 Kh7 31. Re1 Qc6 32. Rde3 Ng6 33. Bxd5 Qc5 34. Be6 Rf8 35. h5 Nh4 36. Qd3 Ng2 37. Re5 Nxe1 38. Bxf5+ Kh8 39. Qe2 Rxf5 40. Rxc5 Rxc5 41. Qxe1 Rcg5 42. Qe8+ Kh7 43. Qe4+ Kh6 44. Kb2 g3 45. Qe6+ Kxh5 46. Qh3+ Kg6 47. Qe6+ Kh7 48. Qh3+ Kg8 49. Qc8+ Kf7 50. Qd7+ Kf6 51. Qd6+ Kf5 52. Qd5+ Kf4 53. Qd4+ Kf3 54. Qd3+ Kf2 55. Qd4+ Kf1 56. Qf4+ Kg1 57. Qd4+ Kh1 58. Qh4+ Kg2 59. Qe4+ Kh3 60. Qh1+ Kg4 61. Qd1+ Kf4 62. Qd4+ Kf3 63. Qd3+ Kf2 64. Qd4+ Kf3 1/2-1/2

[Event "Pardubice Open"]
[Site "Pardubice CZE"]
[Date "1993.??.??"]
[Round "6"]
[White "Reinderman, Dimitri"]
[Black "Macieja, Bartlomiej"]
[Result "1-0"]
[WhiteElo "2415"]
[BlackElo "2315"]
[PlyCount "83"]
[EventDate "1993.07.??"]
[Source "www.chesslib.no"]
[SourceDate "2004.05.04"]

1. e4 e5 2. f4 exf4 3. Nf3 h6 4. b3 d6 5. Bb2 Nf6 6. Nc3 Nc6 7. Qe2 Bg4 8. O-O-O Qd7 9. h3 Bh5 10. Qf2 O-O-O 11. Re1 Kb8 12. Bb5 Bxf3 13. Bxc6 bxc6 14. Qxf3 Be7 15. Qxf4 Rhe8 16. Ne2 d5 17. exd5 cxd5 18. d3 Bd6 19. Qh4 Re6 20. Nd4 Rxe1+ 21. Rxe1 Re8 22. Nf3 Rxe1+ 23. Qxe1 Ne8 24. Be5 f6 25. Bxd6 Nxd6 26. Qb4+ Ka8 27. Nd4 c6 28. Qc5 Kb7 29. b4 Nc8 30. Nb3 Qd6 31. Qa5 Nb6 32. b5 Kb8 33. bxc6 Qxc6 34. Qb4 Kc7 35. Qf8 g5 36. Nd4 Nd7 37. Qe7 Qa4 38. Ne6+ Kb6 39. Qd8+ Kb7 40. Qc7+ Ka6 41. Qxd7 Qa3+ 42. Kd1 1-0

[Event "Bad Woerishofen op"]
[Site "Bad Woerishofen"]
[Date "1994.??.??"]
[Round "2"]
[White "Gallagher, Joseph G"]
[Black "Juergens, Peter"]
[Result "0-1"]
[WhiteElo "2485"]
[BlackElo "2235"]
[PlyCount "75"]
[EventDate "1994.03.??"]
[Source "ChessBase"]

1. e4 e5 2. f4 exf4 3. Nf3 h6 4. Nc3 d6 5. d4 g5 6. g3 fxg3 7. hxg3 Bg7 8. Bc4 Bg4 9. Rf1 Qd7 10. Qd3 Bh5 11. Bd2 a6 12. O-O-O Nc6 13. Nd5 Nge7 14. Rde1 Bg6 15. Bc3 O-O 16. Qd2 b5 17. Bb3 a5 18. Nxe7+ Qxe7 19. Bd5 Qd7 20. Qf2 Ra6 21. Bxc6 Rxc6 22. Bxa5 d5 23. Bb4 Ra8 24. Kb1 dxe4 25. Ne5 Bxe5 26. dxe5 Rxc2 27. Qe3 Qd3 28. Rf6 Re2+ 29. Qxd3 exd3 30. Rd1 d2+ 31. Rxg6+ fxg6 32. Kc2 Rd8 33. Bxd2 Rxe5 34. b3 Re2 35. a4 b4 36. a5 c5 37. a6 Rd7 38. g4 0-1

[Event "Copenhagen-ch"]
[Site "Copenhagen"]
[Date "1996.??.??"]
[Round "6"]
[White "Olesen, Martin"]
[Black "Hvenekilde, Jorgen"]
[Result "1-0"]
[WhiteElo "2400"]
[BlackElo "2315"]
[PlyCount "105"]
[EventDate "1996.??.??"]
[Source "ChessBase"]

1. e4 e5 2. f4 exf4 3. Nf3 h6 4. b3 Ne7 5. Bb2 d5 6. Nc3 c6 7. Bd3 Nd7 8. exd5 Nc5 9. Qe2 Nxd3+ 10. cxd3 cxd5 11. Nb5 a6 12. Nbd4 Bg4 13. O-O Rc8 14. Rae1 g5 15. h3 Bxf3 16. Qxf3 Rg8 17. Nf5 Rc6 18. Nxe7 Bxe7 19. Re5 Kf8 20. Rxd5 Qc8 21. Re1 Bf6 22. Bxf6 Rxf6 23. Rde5 Kg7 24. Re7 b5 25. Qe4 Qc5+ 26. d4 Qf5 27. Qe5 Rc8 28. Ra7 Kg6 29. a4 bxa4 30. bxa4 Rc2 31. Re2 Rc1+ 32. Kf2 Qb1 33. Qe4+ Qxe4 34. Rxe4 Rc4 35. a5 Ra4 36. Ke2 Rxa5 37. Kd3 Ra3+ 38. Kc4 Rg3 39. Re2 f3 40. gxf3 Rgxf3 41. d5 Rxh3 42. Rc7 Rh1 43. Kd4 Rb1 44. Rc6 Rb8 45. Rf2 Rxc6 46. dxc6 g4 47. Kc5 h5 48. d4 g3 49. Rg2 h4 50. d5 Rb1 51. d6 Rc1+ 52. Kb6 Rd1 53. d7 1-0

[Event "RUS-Cup"]
[Site "Bor"]
[Date "2000.??.??"]
[Round "6"]
[White "Sokolov, Alexander"]
[Black "Bryzgalin, Kirill"]
[Result "1-0"]
[WhiteElo "2418"]
[BlackElo "2279"]
[PlyCount "49"]
[EventDate "2000.06.??"]
[Source "www.chesslib.no"]
[SourceDate "2004.05.04"]

1. e4 e5 2. f4 exf4 3. Nf3 h6 4. d4 g5 5. Nc3 Bg7 6. g3 d6 7. gxf4 g4 8. Be3 gxf3 9. Qxf3 h5 10. h3 Nc6 11. O-O-O Nce7 12. Rg1 Bh6 13. Kb1 c6 14. d5 c5 15. Bd3 b6 16. e5 Nf5 17. e6 fxe6 18. dxe6 Bxe6 19. Bxf5 Bf7 20. Qc6+ Kf8 21. Rxd6 Qe8 22. Bd7 Qd8 23. Ne4 Bg7 24. Ng5 Ne7 25. Qg2 1-0

[Event "POL Ch sf"]
[Site "Nadole"]
[Date "1994.??.??"]
[Round "7"]
[White "Grabarczyk, Bogdan"]
[Black "Socko, Bartosz"]
[Result "1/2-1/2"]
[WhiteElo "2355"]
[BlackElo "2335"]
[PlyCount "60"]
[EventDate "1994.??.??"]
[Source "www.chesslib.no"]
[SourceDate "2004.05.04"]

1. e4 e5 2. f4 exf4 3. Nf3 h6 4. b3 d6 5. Bb2 Nf6 6. Nc3 Nc6 7. Qe2 Bg4 8. Nd5 Nxd5 9. exd5+ Ne7 10. Qb5+ Bd7 11. Qxb7 Qb8 12. Qxb8+ Rxb8 13. Bc4 Rg8 14. Bd4 Ra8 15. h4 Nf5 16. O-O-O Be7 17. Bf2 Bf6 18. Bd3 Ng3 19. Bxg3 fxg3 20. Rdf1 a5 21. a4 Kf8 22. Ng1 Re8 23. Ne2 Re5 24. Nxg3 Rxd5 25. Bf5 Be6 26. Rf3 Ke7 27. Bd3 Rd4 28. h5 Rg4 29. Nf5+ Bxf5 30. Rxf5 c5 1/2-1/2

[Event "Stolzenau op15`"]
[Site "?"]
[Date "1996.??.??"]
[Round "8"]
[White "Bangiev Alexander"]
[Black "Juergens Peter"]
[Result "1-0"]
[WhiteElo "2405"]
[BlackElo "2285"]
[PlyCount "79"]
[EventDate "1996.??.??"]
[Source "www.chesslib.no"]
[SourceDate "2004.05.04"]

1. e4 e5 2. f4 exf4 3. Nf3 h6 4. d4 g5 5. Nc3 d6 6. g3 fxg3 7. hxg3 Bg7 8. Bc4 Bg4 9. Rf1 Bh5 10. Be3 a6 11. Qd2 Nc6 12. O-O-O Nge7 13. g4 Bg6 14. Ng1 O-O 15. Qg2 b5 16. Bb3 Na5 17. Nge2 Qc8 18. d5 Nxb3+ 19. axb3 Bh7 20. Nd4 c5 21. dxc6 Nxc6 22. Nf5 Bxf5 23. gxf5 Qd8 24. Qd2 Be5 25. f6 Bxf6 26. Qxd6 Qxd6 27. Rxd6 Bxc3 28. bxc3 Ne5 29. Rxh6 Ng4 30. Rh5 f6 31. Bxg5 Kg7 32. Rg1 Kg6 33. Rh4 fxg5 34. Rhxg4 Kf6 35. Rxg5 Ke6 36. Rc5 Rf6 37. e5 Rf5 38. Rg6+ Kf7 39. Rb6 Re8 40. e6+ 1-0

[Event "GLC Masters"]
[Site "London ENG"]
[Date "1986.??.??"]
[Round "2"]
[White "Jacobs, Byron A"]
[Black "Levitt, Jonathan"]
[Result "0-1"]
[WhiteElo "2295"]
[BlackElo "2395"]
[PlyCount "120"]
[EventDate "1986.03.??"]
[Source "www.chesslib.no"]
[SourceDate "2004.05.04"]

1. e4 e5 2. f4 exf4 3. Nf3 h6 4. d4 g5 5. Bc4 d6 6. c3 g4 7. Ng1 Qh4+ 8. Kf1 Qe7 9. Qb3 Nf6 10. Bxf4 Nxe4 11. Nd2 Qf6 12. Bxf7+ Kd8 13. Nxe4 Qxf4+ 14. Nf2 Be7 15. Bg6 Rf8 16. Qc2 b6 17. Rd1 Bb7 18. d5 Nd7 19. Rd4 Ba6+ 20. Bd3 Bxd3+ 21. Rxd3 Ne5 22. Rd4 Qf7 23. Qe2 Kc8 24. Ke1 h5 25. Ne4 Kb7 26. h3 Rae8 27. hxg4 hxg4 28. Rh6 Bd8 29. Ra4 Qxd5 30. Qa6+ Kb8 31. Qxa7+ Kc8 32. Rd4 Qb7 33. Qxb7+ Kxb7 34. Ne2 Nc6 35. Nxd6+ cxd6 36. Rdxd6 Rf7 37. Rhe6 Rfe7 38. Rxe7+ Rxe7 39. Kd2 Rg7 40. Nd4 Nxd4 41. Rxd8 Ne6 42. Re8 Nf4 43. g3 Rd7+ 44. Ke3 Nd5+ 45. Ke2 Rh7 46. Re5 Kc6 47. Kd3 Rh2 48. b3 Rg2 49. c4 Nb4+ 50. Kd4 Rxg3 51. Re6+ Kc7 52. c5 Nc6+ 53. Kc4 b5+ 54. Kd5 Nb4+ 55. Ke4 Nxa2 56. b4 Rb3 57. Re7+ Kc6 58. Re6+ Kd7 59. Re5 Rxb4+ 60. Kd5 Nc3# 0-1